000 00343nam a2200121Ia 4500
008 220204s9999 xx 000 0 und d
082 _a633.73:001.814(548)
_bMAY;1
100 _aMAYNE, W Wilson
245 0 _aNotes on coffee research in South India
260 _aBangalore
_bIndian Coffee Board
_c1946
650 _aCoffee research
942 _cBK
999 _c20274
_d20274